The Atlas of American Architecture : 2000 Years of Architecture, City Planning, Landscape Architecture and Civil Engineering

Gespeichert in:
Bibliographische Detailangaben
1. Verfasser: Martinson, Tom (Verfasst von)
Format: Buch
Sprache:Englisch
Veröffentlicht: New York : Rizzoli, 2009
Tags: Tag hinzufügen
Keine Tags, Fügen Sie das erste Tag hinzu!

MARC

LEADER 00000nam a22000003a 4500
001 stu211014
005 20150617230103.7
008 100917s2009------------------------eng-d
020 |a 978-0-8478-3257-6 
040 |a STU  |b slo 
041 0 |a eng 
100 1 |a Martinson, Tom  |4 aut 
245 1 |a The Atlas of American Architecture :  |b 2000 Years of Architecture, City Planning, Landscape Architecture and Civil Engineering 
260 |a New York :  |b Rizzoli,  |c 2009 
300 |a 542 s 
996 |b 284AU04523  |c A*7023 U  |l AAKNST  |s P  |a 0  |w stu211014_0001